Statistics for Every NBA Team Top Scorer

Click here to take the quiz!

General Stats

  • This quiz has been taken 44 times
  • The average score is 22 of 30

Answer Stats

Team#1% Correct
LA LakersKobe Bryant
98%
Cleveland CavaliersLeBron James
98%
Chicago BullsMichael Jordan
98%
Golden State WarriorsStephen Curry
95%
Dallas MavericksDirk Nowitzki
90%
Detroit PistonsIsiah Thomas
90%
Atlanta HawksDominique Wilkins
85%
Houston RocketsHakeem Olajuwon
85%
San Antonio SpursTim Duncan
85%
Indiana PacersReggie Miller
83%
Portland TrailblazersDamian Lillard
80%
Utah JazzKarl Malone
80%
Minnesota TimberwolvesKevin Garnett
80%
New York KnicksPatrick Ewing
80%
Oklahoma City ThunderRussell Westbrook
80%
Milwaukee BucksGiannis Antetokounmpo
78%
Boston CelticsJohn Havlicek
73%
Orlando MagicDwight Howard
71%
Denver NuggetsAlex English
68%
New Orleans PelicansAnthony Davis
68%
Charlotte HornetsKemba Walker
68%
Sacramento KingsOscar Robertson
66%
Phoenix SunsWalter Davis
66%
Toronto RaptorsDeMar DeRozan
63%
Memphis GrizzliesMike Conley Jr.
61%
Brooklyn NetsBrook Lopez
59%
Washington WizardsElvin Hayes
51%
Miami HeatDwayne Wade
46%
Philadelphia 76ersHal Greer
39%
LA ClippersRandy Smith
34%

Score Distribution

Percentile by Number Answered

Percent of People with Each Score

Your Score History

You have not taken this quiz